| 000 | 00657cam a2200157 i 4500 | ||
|---|---|---|---|
| 005 | 20250901165445.0 | ||
| 008 | 140116s2014 nyuab b 001 0 eng c | ||
| 010 | _a 2014001822 | ||
| 020 | _a9781107041158 (hardback : alk. paper) | ||
| 020 | _a9781107691209 (pbk. : alk. paper) | ||
| 050 | 0 | 0 |
_aHC800 .A57255 2014 _b.A57255 2014 |
| 082 | 0 | 4 |
_a338.96009 _223 |
| 245 | 0 | 0 |
_aAfrica's development in historical perspective / _cedited by Emmanuel Akyeampong, Harvard University, Robert H. Bates, Harvard University, Nathan Nunn, Harvard University, James A. Robinson, Harvard University. |
| 300 |
_axiii, 526 pages : _billustrations, maps ; _c24 cm |
||
| 942 | _2lcc | ||
| 999 |
_c4284 _d4284 |
||